Data Envelopment Analysis – <A> Key To the Museums’ ‘Secret Chamber’ of Marketing?
Využitie analýzy obaľovania dát ako model hodnotenia efektívnosti marketingovej komunikácie v rámci múzeí. Inšpirácia výrobnou ekonomikou, z ktorej bola vybratá štatistická metóda a uvedená analýza obaľovania dát.
Salvato in:
| Autore principale: | |
|---|---|
| Altri autori: | |
| Natura: | Capitolo di libro |
| Lingua: | inglese |
| Soggetti: | |
| Tags: |
Nessun Tag, puoi essere il primo ad aggiungerne!!
|
MARC
| LEADER | 00000naa a2200000 4500 | ||
|---|---|---|---|
| 001 | 0249243 | ||
| 005 | 20181129114429.1 | ||
| 041 | 0 | |a eng | |
| 044 | |a SK | ||
| 245 | 1 | 0 | |a Data Envelopment Analysis – <A> Key To the Museums’ ‘Secret Chamber’ of Marketing? |c Michal Lukáč, Jaroslav Mihalik |
| 520 | |a Využitie analýzy obaľovania dát ako model hodnotenia efektívnosti marketingovej komunikácie v rámci múzeí. Inšpirácia výrobnou ekonomikou, z ktorej bola vybratá štatistická metóda a uvedená analýza obaľovania dát. | ||
| 610 | 2 | 0 | |a marketing |
| 610 | 2 | 0 | |a kultúra |
| 610 | 2 | 0 | |a múzeá |
| 610 | 2 | 0 | |a ekonomika výroby |
| 610 | 2 | 0 | |a analýza obaľovania dát |
| 610 | 2 | 0 | |a štatistika |
| 100 | 1 | |a Lukáč, Michal | |
| 700 | 1 | |a Mihalik, Jaroslav | |